Music Quiz

Random Music or Song Quiz
Score 0/60 Timer 10:00
12 Plays Today
Lyrics Song % Correct
What a shame the poor groom's bride is a wh*reI Write Sins Not Tragedies
85.4%
Another cog in the murder machineTeenagers
74.1%
There's nothing wrong with just a taste of what you've paid forThe Ballad of Mona Lisa
68.8%
Remember when you broke your foot from jumping out the second floor?I'm Not Okay
67.3%
The gnashing teeth and criminal tongues conspire against the oddsThis Is Gospel
65.7%
Let's get these teen hearts beating faster, faster4. Lying Is The Most Fun A Girl Can Have Without Taking Her Clothes Off
65.3%
Now everybody do the propaganda and sing along to the age of paranoiaAmerican Idiot
63.8%
Share one more drink with me, smile even though you're sadDeath of a Bachelor
63.8%
And through it all, the rise and fall, the bodies in the streetsWelcome To The Black Parade
63.4%
Dynasty decapitated, you just might see a ghost tonightEmperor's New Clothes
60.2%
Here comes the rain again, falling from the starsWake Me Up When September Ends
59.6%
Eight legs to the wall. Hit the gas, kill them allNa Na Na
59.5%
Pickin' up things we shouldn't read. It looks like the end of history as we knowNine In The Afternoon
58.7%
I'm walking down the line that divides me somewhere in my mindBoulevard of Broken Dreams
58%
I got your picture, I'm coming with youDear Maria, Count Me In
58%
And what's the worst you take from every heart you breakHelena
57.1%
Well, mother, what the war did to my legs and to my tongueMama
57.1%
We’re always sleeping in, sleeping for the wrong teamSugar, We're Goin Down
54.2%
Nothing you can say can stop me going homeFamous Last Words
53.3%
Use your voice every single time you open up your mouthSING
50.3%
I'm a killing spree in white, eyes like broken Christmas lightsVictorious
50.1%
Then the time for being sad is over and you miss 'em like you miss no otherHallelujah
50.1%
Does the pain weigh out the pride? And you look for a place to hide21 Guns
47.8%
It all keeps adding up, I think I'm cracking upBasket Case
47.8%
But back away from the water, babe, you might drownMiss Jackson
47.7%
The representative from California has the floorHoliday
46.2%
And I want these words to make things right but it's the wrongs that make the words come to lifeThnks Fr Th Mmrs
44.2%
If you find a man that's worth a damn and treats you wellGives You Hell
42.4%
The blood, the blood, the blood of the lamb. It’s worth 2 lions, but here I amUma Thurman
42.1%
At the top of my lungs in my arms she diesThe Ghost of You
40.3%
Lyrics Song % Correct
I've got the scars from tomorrow and I wish you could see that you're the antidote to everything except for meMy Songs Know What You Did In The Dark
39.8%
So make the best of this test, and don't ask why. It's not a question, but a lesson learned in timeGood Riddance (Time of Your Life)
36.8%
Don't tell anyone, or you'll be just another regretDirty Little Secret
36.5%
Barely stuttered out a joke of a romantic stuck to my tongueDance, Dance
33.8%
I am the sand in the bottom half of the hourglassImmortals
27.2%
I wonder if your therapist knows everything about meThe Last of The Real Ones
27%
Waiting on a second-hand pick-me-up and I'm over getting olderWeightless
26.3%
And I can't stop till the whole word knows my nameCenturies
25.4%
I'm a loser and a user so I don't need no accuser to try and slag me down because I know you're rightWhen I Come Around
20.1%
The day will come when you can't cover up what you've doneMissing You
20.1%
You want the heart or to be saved. But even good guys still get paidFake Your Death
19.4%
Another day, and you've had your fill of sinkingMove Along
18.9%
Pull a breath like another cigarette. Pawn shop heart trading upI Don't Care
18.4%
Looking back, I see a setting sun, and watch my shadow fade into the floorKids In The Dark
15.1%
I don't even know myself I wish I could be someone elseSomething's Gotta Give
14.7%
But she's perfect enough without ever dressing upDirty Laundry
14.7%
F*cked up and spun out in my room Brain Stew
12.9%
The walls start breathing, my mind's unweaving. Maybe it's best you leave me aloneIt Ends Tonight
12.9%
You take me over, I throw you up against the wallBackseat Serenade
12.3%
Suburban living with a feeling that I'm giving up everything for youDamned If I Do Ya (Damned If I Don’t)
11.7%
Devil may care but we didn't mindGood Times
11.2%
Like a bullet shooting the lovesick there's only one way down this roadTime-Bomb
9.6%
I've been running all my life just to find a home that's for the restlessStill Breathing
9.4%
Sweet beginnings do arise, she knows I was wrongSwing, Swing
8.6%
I'm coasting on potential towards a wall at a hundred miles an hourSaturday
7.8%
And there's no way out I gotta hold you somehowI Wanna
4.3%
I hear it from the lost words. They say its time that you lost your crown.Top of the World
2.7%
We were dreams, we were American graffiti scenesKids In The Street
2.5%
Simple things, that make you run away. Catch you if I canMy Paper Heart
2.3%
Told you not to hold your breathSweat
2.2%
Remove Ads.
Support Sporcle.
Get the best of Sporcle when you Go Orange. This ad-free experience offers more features, more stats, and more fun while also helping to support Sporcle. Thank you for becoming a member.

You're not logged in!

Compare scores with friends on all Sporcle quizzes.
OR
Log In

Sporcle TV

Today on Sporcle TV


Watch our educational content, quiz creation guides, and fun videos on Sporcle TV.

Show Comments

Extras

Top Quizzes Today


Score Distribution

Paid Content

Your Account Isn't Verified!

In order to create a playlist on Sporcle, you need to verify the email address you used during registration. Go to your Sporcle Settings to finish the process.

Report this User

Report this user for behavior that violates our Community Guidelines.

Details: